[Event "THE COMMONERS"]
[Site "SchemingMind.com"]
[Date "2006.11.19"]
[Round "-"]
[White "russellhead"]
[Black "andy5698"]
[Result "1-0"]
[WhiteCountry "USA"]
[BlackCountry "ENG"]
[WhiteElo "1422"]
[WhiteRD "99"]
[BlackElo "1230"]
[BlackRD "74"]
[GameID "77510"]

1. d4 e6 2. Bf4 Bd6 3. e3 Nf6 4. c3 O-O 5. Bd3 e5 6. dxe5 Bxe5 7. Bxe5 d6 8. Bxf6 Qxf6 9. Qh5 g6 10. Qh6 b6
11. f4 Re8 12. f5 Rxe3+ 13. Kd2 Re5 14. Nf3 Qg7 15. Qxg7+ Kxg7 16. Nxe5 dxe5 17. g4 Nc6 18. Be4 Bb7 19. Na3 Rd8+ 20. Bd3 h5
21. h3 Ba6 22. c4 e4 23. gxh5 exd3 24. hxg6 fxg6 25. fxg6 Kxg6 26. Raf1 Nb4 27. Rhg1+ Kh7 28. Rf4 Rg8 29. Rh4#
1-0

[Event "THE COMMONERS"]
[Site "SchemingMind.com"]
[Date "2006.11.19"]
[Round "-"]
[White "andy5698"]
[Black "russellhead"]
[Result "0-1"]
[WhiteCountry "ENG"]
[BlackCountry "USA"]
[WhiteElo "1230"]
[WhiteRD "74"]
[BlackElo "1422"]
[BlackRD "99"]
[GameID "77511"]

1. e4 Nf6 2. e5 Ng4 3. Qxg4 d6 4. Qg3 Nc6 5. d4 Nxd4 6. Qc3 c5 7. Nf3 Bf5 8. Nxd4 cxd4 9. Qxd4 Bxc2 10. Na3 Rc8
11. Qxa7 Qc7 12. Nb5 Qc6 13. Bf4 f6 14. Nd4 Qe4+ 15. Ne2 dxe5 16. f3 Qb4+ 17. Bd2 Qxb2 18. Bc3 Rxc3 19. Rc1 e6 20. Qa5 Rc5
21. Qa7 Qb4+ 22. Kf2 Ra5 23. Qb8+ Kf7 24. Rxc2 Qb1 25. Qd8 Qxc2 26. Qxa5 Bc5+ 27. Kg3 h5 28. Qc3 Qg6+ 29. Kh3 Qf5+ 30. Kg3 h4#
0-1

[Event "THE COMMONERS"]
[Site "SchemingMind.com"]
[Date "2006.11.19"]
[Round "-"]
[White "ChessGuy"]
[Black "andy5698"]
[Result "0-1"]
[WhiteCountry "USA"]
[BlackCountry "ENG"]
[WhiteElo "1193"]
[WhiteRD "66"]
[BlackElo "1229"]
[BlackRD "79"]
[GameID "77532"]

1. e4 e5 2. Qh5 g6 3. Qxe5+ Qe7 4. Qxh8 Bh6 5. Qxg8+ Qf8 6. Bb5 Qxg8 7. Nf3 a6 8. Ba4 b5 9. Bb3 Nc6 10. Nc3 Nb4
11. Ne5 f6 12. Ng4 Qg7 13. O-O Bb7 14. Re1 Nxc2 15. Bxc2 O-O-O 16. d4 Bxc1 17. Raxc1 b4 18. Na4 f5 19. exf5 Qxd4 20. Ne3 Bc6
21. Rcd1 Qf6 22. fxg6 hxg6 23. Ng4 Qg5 24. Ne5 Qxg2#
0-1

[Event "THE COMMONERS"]
[Site "SchemingMind.com"]
[Date "2006.11.19"]
[Round "-"]
[White "ChessGuy"]
[Black "russellhead"]
[Result "0-1"]
[WhiteCountry "USA"]
[BlackCountry "USA"]
[WhiteElo "1176"]
[WhiteRD "65"]
[BlackElo "1422"]
[BlackRD "99"]
[GameID "77533"]

1. e4 Nf6 2. d3 d5 3. e5 Nfd7 4. c4 e6 5. d4 c6 6. Nh3 b5 7. cxb5 Bb4+ 8. Bd2 Qa5 9. a3 Bxd2+ 10. Nxd2 cxb5
11. b4 Qb6 12. Rc1 O-O 13. Ng5 Qxd4 14. Bxb5 Qxe5+ 15. Qe2 Qxg5 16. Nb3 Ba6 17. h4 Qxg2 18. Rf1 Qh3 19. Bc6 Bxe2 20. Kxe2 Nxc6
21. Rxc6 Qxb3 22. Rd6 Rac8 23. Rd1 Qxa3 24. Rxd7 Qa4 25. Rb7 Qa6+ 26. b5 Qxb7 27. Rb1 d4 28. Rd1 Qxb5+ 29. Rd3 Rc3 30. Kd2 Rxd3+
0-1

[Event "THE COMMONERS"]
[Site "SchemingMind.com"]
[Date "2006.11.19"]
[Round "-"]
[White "andy5698"]
[Black "ChessGuy"]
[Result "0-1"]
[WhiteCountry "ENG"]
[BlackCountry "USA"]
[WhiteElo "1229"]
[WhiteRD "79"]
[BlackElo "1193"]
[BlackRD "66"]
[GameID "77534"]

1. e4 e5 2. Bc4 Qh4 3. Nf3 Qxe4+ 4. Qe2 Qf4 5. g3 Qg4 6. Qxe5+ Be7 7. Qf4 Qg6 8. Nh4 Bxh4 9. Qxh4 Qxc2 10. Na3 Qa4
11. b3 Qc6 12. O-O b6 13. Bb2 Bb7 14. Bxg7 Qh1#
0-1

[Event "THE COMMONERS"]
[Site "SchemingMind.com"]
[Date "2006.11.19"]
[Round "-"]
[White "russellhead"]
[Black "ChessGuy"]
[Result "1/2-1/2"]
[WhiteCountry "USA"]
[BlackCountry "USA"]
[WhiteElo "1422"]
[WhiteRD "99"]
[BlackElo "1176"]
[BlackRD "65"]
[GameID "77535"]

1. d4 e6 2. c3 c5 3. Bf4 Na6 4. e3 Qa5 5. Nd2 b5 6. Qf3 Rb8 7. Nb3 Qd8 8. Bxb8 Nxb8 9. Bxb5 Nf6 10. dxc5 Qc7
11. Rd1 Bxc5 12. Ne2 Ba6 13. Bxa6 Nxa6 14. Qa8+ Qd8 15. Qxd8+ Kxd8 16. Nxc5 Nxc5 17. O-O Ke8 18. b4 Na4 19. b5 Ne4 20. Rc1 Ke7
21. c4 Rg8 22. Ng3 Nd2 23. Rfd1 Nxc4 24. Rd4 Ncb2 25. Rc7 Rd8 26. Rxa7 Rc8 27. f4 Rc1+ 28. Nf1 Nc3 29. Rd2 Nc4 30. Raxd7+ Kf6
31. b6 Ne4 32. Rd1 Rc2 33. R7d2 Nexd2 34. b7 Rb2 35. Nxd2 Nxd2 36. Rxd2 Rxb7 37. g4 Rb1+ 38. Kf2 Rh1 39. Kg3 h5 40. gxh5 Kf5
41. Kh4 Rg1 42. a4 Ra1 43. Rd4 Ra3 44. Rd7 Kf6 45. Rd4 Rxe3 46. a5 Ra3 47. Kg4 Rxa5 48. h4 e5 49. Re4 exf4 50. Rxf4+ Ke7
51. Rf5 Ra8 52. Kg5 Rg8 53. h6 gxh6+ 54. Kxh6 Rg4 55. h5 Ke6 56. Rg5=
1/2-1/2

[Event "THE COMMONERS"]
[Site "SchemingMind.com"]
[Date "2006.12.12"]
[Round "-"]
[White "green knight"]
[Black "ChessGuy"]
[Result "1-0"]
[WhiteCountry "INT"]
[BlackCountry "USA"]
[WhiteElo "1857"]
[WhiteRD "101"]
[BlackElo "1176"]
[BlackRD "65"]
[GameID "81547"]

1. Nf3 e6 2. g3 c6 3. Bg2 g6 4. O-O Nh6 5. d3 Nf5 6. e4 Nh6 7. Nc3 Bg7 8. Bg5 Qb6 9. Rb1 Na6 10. a3 f6
11. Be3 Nc5 12. b4 f5 13. Bxc5 Qd8 14. Ne2 fxe4 15. dxe4 b6 16. Bd4 Qe7 17. c4 Ba6 18. b5 cxb5 19. Bxg7 Qxg7 20. cxb5 Ng4
21. a4 Bb7 22. Nfd4 O-O-O 23. h3 Ne5 24. Qb3 h5 25. f4 Nf7 26. e5 Bd5 27. Bxd5 exd5 28. Qxd5 Rhe8 29. Qa8+ Kc7 30. Rbc1#
1-0

[Event "THE COMMONERS"]
[Site "SchemingMind.com"]
[Date "2006.12.11"]
[Round "-"]
[White "green knight"]
[Black "andy5698"]
[Result "1-0"]
[WhiteCountry "INT"]
[BlackCountry "ENG"]
[WhiteElo "1807"]
[WhiteRD "88"]
[BlackElo "1287"]
[BlackRD "71"]
[GameID "81548"]

1. Nf3 e6 2. g3 Be7 3. Bg2 Nf6 4. O-O O-O 5. d3 d5 6. Nbd2 b6 7. e4 e5 8. Nxe5 Bd6 9. f4 Ng4 10. Nxg4 c6
11. b3 Bd7 12. Bb2 Qc8 13. f5 dxe4 14. dxe4 Bc5+ 15. Kh1 Na6 16. Nh6+ Kh8 17. Nc4 Qd8 18. Ne5 Be8 19. Nhg4 f6 20. Nd3 Bh5
21. Bf3 Nb4 22. Nxb4 Bxb4 23. Nf2 Bxf3+ 24. Qxf3 Qd2 25. Qd3 Rfd8 26. Qxd2 Rxd2 27. Rac1 Rad8 28. Rcd1 g6 29. Bxf6+ Kg8 30. Bxd8
1-0

[Event "THE COMMONERS"]
[Site "SchemingMind.com"]
[Date "2006.12.11"]
[Round "-"]
[White "green knight"]
[Black "russellhead"]
[Result "1-0"]
[WhiteCountry "INT"]
[BlackCountry "USA"]
[WhiteElo "1857"]
[WhiteRD "101"]
[BlackElo "1422"]
[BlackRD "99"]
[GameID "81549"]

1. Nf3 c5 2. g3 d5 3. Bg2 Nc6 4. O-O e5 5. d3 Be6 6. Nbd2 Nf6 7. Re1 d4 8. Ng5 Bd7 9. Nde4 Nxe4 10. Nxe4 b6
11. c3 h6 12. e3 h5 13. h4 f5 14. Ng5 Qe7 15. cxd4 Nb4 16. Bxa8 Bb5 17. Qf3 g6 18. Rd1 Bxd3 19. a3 Nc2 20. Rxd3 Nxa1
21. dxc5 Bh6 22. Qc6+ Kf8 23. Rd7 Bxg5 24. Rxe7 Bxe7 25. Qxg6 bxc5 26. Qxf5+ Kg7 27. Bd5 Rf8 28. Qxh5 Nb3 29. Bxb3 Rf6 30. e4 Rg6
31. Qf5 Rf6 32. Qxe5 Bd8 33. Qg5+ Rg6 34. Qxd8
1-0

[Event "THE COMMONERS"]
[Site "SchemingMind.com"]
[Date "2006.12.11"]
[Round "-"]
[White "ChessGuy"]
[Black "green knight"]
[Result "0-1"]
[WhiteCountry "USA"]
[BlackCountry "INT"]
[WhiteElo "1176"]
[WhiteRD "65"]
[BlackElo "1857"]
[BlackRD "101"]
[GameID "81550"]

1. e4 e6 2. d4 d5 3. exd5 exd5 4. Qe2+ Qe7 5. Qxe7+ Nxe7 6. Bb5+ Bd7 7. Bxd7+ Nxd7 8. Nc3 c5 9. Be3 b6 10. O-O-O Nf6
11. Re1 O-O-O 12. Nb5 Nc6 13. dxc5 Bxc5 14. Ne2 Bxe3+ 15. fxe3 Ne4 16. Rhf1 Rhf8 17. Nf4 a6 18. Nd4 Nxd4 19. exd4 Kb7 20. g4 Rd6
21. Nh5 g6 22. Nf4 f5 23. gxf5 Rxf5 24. Nxd5 Rxf1 25. Rxf1 Rxd5 26. Rf7+ Kc6 27. Rxh7 Rxd4 28. Rg7 Rd6 29. Re7 Nf2 30. Rh7 Rd1#
0-1

[Event "THE COMMONERS"]
[Site "SchemingMind.com"]
[Date "2006.12.11"]
[Round "-"]
[White "andy5698"]
[Black "green knight"]
[Result "0-1"]
[WhiteCountry "ENG"]
[BlackCountry "INT"]
[WhiteElo "1287"]
[WhiteRD "71"]
[BlackElo "1807"]
[BlackRD "88"]
[GameID "81551"]

1. e4 e6 2. e5 d5 3. Nf3 c5 4. Be2 Nc6 5. c3 Nge7 6. d4 Nf5 7. Bd3 Qb6 8. O-O cxd4 9. Bf4 Qxb2 10. Nbd2 Qxc3
11. Nb3 Qb4 12. Bd2 Qb6 13. Rc1 Bd7 14. Nc5 Bxc5 15. Rb1 Qc7 16. Qb3 b6 17. Ba6 O-O 18. Ng5 Nxe5 19. Bf4 f6 20. Nh3 Nh4
21. Bg3 Nhg6 22. Bb5 Bxb5 23. Qxb5 Qc6 24. Qxc6 Nxc6 25. Rbe1 e5 26. a4 Na5 27. Rb1 Ne7 28. f4 d3+ 29. Nf2 e4 30. Kh1 Nf5
0-1

[Event "THE COMMONERS"]
[Site "SchemingMind.com"]
[Date "2006.12.11"]
[Round "-"]
[White "russellhead"]
[Black "green knight"]
[Result "0-1"]
[WhiteCountry "USA"]
[BlackCountry "INT"]
[WhiteElo "1422"]
[WhiteRD "99"]
[BlackElo "1857"]
[BlackRD "101"]
[GameID "81552"]

1. d4 e6 2. Bf4 d5 3. e3 c5 4. Nf3 Nc6 5. c3 Qb6 6. b3 cxd4 7. exd4 Nf6 8. Nbd2 Bd7 9. Bd3 h6 10. O-O Be7
11. Ne5 Nxe5 12. Bxe5 Bd6 13. Nf3 a5 14. a4 Bxe5 15. Nxe5 Qc7 16. c4 Bc6 17. Qe1 Nd7 18. cxd5 Bxd5 19. Rb1 Nxe5 20. Qxe5 Qxe5
21. dxe5 O-O 22. Rb2 Rfc8 23. f4 Rc3 24. Bc2 Rac8 25. Bd1 R8c5 26. b4 axb4 27. Rxb4 Ra3 28. h4 g6 29. g4 Rcc3 30. Rf2 Ra1
31. Rf1 Rg3+ 32. Kh2 Rg2+ 33. Kh3 Raa2 34. Bf3 Bxf3 35. Rc1 Bxg4#
0-1

[Event "THE COMMONERS"]
[Site "SchemingMind.com"]
[Date "2006.12.14"]
[Round "-"]
[White "jayfive"]
[Black "green knight"]
[Result "0-1"]
[WhiteCountry "GBR"]
[BlackCountry "INT"]
[WhiteElo "1334"]
[WhiteRD "77"]
[BlackElo "1807"]
[BlackRD "88"]
[GameID "81760"]

1. e4 e6 2. Nc3 d5 3. d4 Bb4 4. Bd2 Bxc3 5. Bxc3 dxe4 6. Qe2 Nf6 7. O-O-O b6 8. Qb5+ Bd7 9. Qg5 a5 10. d5 Nxd5
11. Qxg7 Rf8 12. Qh6 Nxc3 13. bxc3 Qe7 14. Be2 Bc6 15. Nh3 Nd7 16. Ng5 O-O-O 17. Ba6+ Kb8 18. a4 Qa3+ 19. Kd2 Nc5+ 20. Ke2 Nxa6
21. Nxf7 Rxd1 22. Rxd1 Rxf7 23. Rd8+ Kb7 24. Qxe6 Rd7 25. Rg8 Qd6
0-1

[Event "THE COMMONERS"]
[Site "SchemingMind.com"]
[Date "2006.12.14"]
[Round "-"]
[White "jayfive"]
[Black "ChessGuy"]
[Result "1-0"]
[WhiteCountry "GBR"]
[BlackCountry "USA"]
[WhiteElo "1334"]
[WhiteRD "77"]
[BlackElo "1149"]
[BlackRD "66"]
[GameID "81761"]

1. d4 e6 2. e4 c5 3. Be3 Nc6 4. d5 Ne5 5. d6 Qh4 6. Nf3 Qxe4 7. Bd3 Qb4+ 8. c3 Qxb2 9. Nbd2 Nxd3+ 10. Ke2 Qxc3
11. Qb3 Qf6 12. Qxd3 Nh6 13. Rab1 Nf5 14. Nc4 b5 15. Bg5 Qg6 16. Nce5 Qh5 17. Rxb5 Bxd6 18. Rd1 Bxe5 19. h3 Ba6 20. Qxd7+ Kf8
21. g4 Qxh3 22. Qd8+ Rxd8 23. Rxd8#
1-0

[Event "THE COMMONERS"]
[Site "SchemingMind.com"]
[Date "2006.12.14"]
[Round "-"]
[White "jayfive"]
[Black "andy5698"]
[Result "1-0"]
[WhiteCountry "GBR"]
[BlackCountry "ENG"]
[WhiteElo "1366"]
[WhiteRD "80"]
[BlackElo "1197"]
[BlackRD "76"]
[GameID "81762"]

1. e4 e5 2. Nc3 Bd6 3. Nd5 Nf6 4. d4 Nxe4 5. Qf3 c6 6. Qxe4 cxd5 7. Qxd5 Qe7 8. Bc4 O-O 9. Nf3 exd4+ 10. Kd1 h6
11. Re1 Qf6 12. Nxd4 Nc6 13. Nf5 Nb4 14. Qxd6 Qxf5 15. Qxb4 d5 16. Bd3 Qh5+ 17. Be2 Qg6 18. Bd3 Bf5 19. f3 a5 20. Qxb7 Qxg2
21. Bxf5 Qxf3+ 22. Re2 Qxf5 23. Qe7 Rae8 24. Qc5 Ra8 25. Bxh6 Qf1+ 26. Re1 Qf3+ 27. Kd2 Rfe8 28. Qg1 g6 29. Rxe8+ Rxe8 30. Re1
1-0

[Event "THE COMMONERS"]
[Site "SchemingMind.com"]
[Date "2006.12.14"]
[Round "-"]
[White "jayfive"]
[Black "russellhead"]
[Result "0-1"]
[WhiteCountry "GBR"]
[BlackCountry "USA"]
[WhiteElo "1334"]
[WhiteRD "77"]
[BlackElo "1450"]
[BlackRD "69"]
[GameID "81763"]

1. d4 d5 2. c4 c6 3. c5 f5 4. Bg5 Nf6 5. f3 h6 6. Bh4 g5 7. Bf2 Bg7 8. Nc3 b6 9. Na4 Nbd7 10. g4 bxc5
11. Nxc5 Qa5+ 12. Qd2 Qxd2+ 13. Kxd2 Nxc5 14. dxc5 e6 15. e4 Rb8 16. exf5 Rxb2+ 17. Ke1 exf5 18. Bd4 Rb7 19. gxf5 Bxf5 20. Ba6 Re7+
21. Ne2 O-O 22. Kf2 Nh5 23. Bxg7 Nxg7 24. Nd4 Rfe8 25. Nxc6 Re6 26. Bb5 g4 27. Nd4 Rb8 28. Rhg1 Re7 29. Nxf5 Nxf5 30. Bd3 Rb2+
0-1

[Event "THE COMMONERS"]
[Site "SchemingMind.com"]
[Date "2006.12.14"]
[Round "-"]
[White "green knight"]
[Black "jayfive"]
[Result "1-0"]
[WhiteCountry "INT"]
[BlackCountry "GBR"]
[WhiteElo "1807"]
[WhiteRD "88"]
[BlackElo "1334"]
[BlackRD "77"]
[GameID "81764"]

1. d4 d5 2. Nf3 Nc6 3. Bg5 f6 4. Bf4 e6 5. Nbd2 Bb4 6. c3 Ba5 7. e3 g5 8. Bg3 Bd7 9. b4 Bb6 10. a4 a5
11. b5 Na7 12. c4 c5 13. Nb3 Ne7 14. dxc5 Nac8 15. cxb6 Nxb6 16. c5 Nc4 17. Nfd2 b6 18. Nxc4 dxc4 19. Bxc4 O-O 20. Bd3 f5
21. c6 Bc8 22. O-O Ng6 23. Qc2 Qd5 24. e4 Qd8 25. f3 f4 26. Bf2 Ne5 27. Rad1 Qe7 28. Bd4 Nxf3+ 29. gxf3 g4 30. Qg2 e5
31. Bc3 Be6 32. Nc1 Rf6 33. Bxe5 Rg6 34. Kh1 h5 35. Bxf4 Bb3 36. Nxb3 Qa3 37. Bc4+ Kh7 38. Rd7+
1-0

[Event "THE COMMONERS"]
[Site "SchemingMind.com"]
[Date "2006.12.14"]
[Round "-"]
[White "ChessGuy"]
[Black "jayfive"]
[Result "0-1"]
[WhiteCountry "USA"]
[BlackCountry "GBR"]
[WhiteElo "1149"]
[WhiteRD "66"]
[BlackElo "1334"]
[BlackRD "77"]
[GameID "81765"]

1. e3 e5 2. Qh5 Nf6 3. Qxe5+ Be7 4. b3 d6 5. Qd4 c5 6. Qd3 d5 7. Qb5+ Nc6 8. Nc3 a6 9. Qd3 O-O 10. g4 g5
11. Nf3 Nxg4 12. Rg1 Nce5 13. Qe2 d4 14. exd4 Nxf3+ 15. Qxf3 Nf6 16. Rxg5+ Kh8 17. Rxc5 Qe8 18. Rg5 Rg8 19. Re5 Nd7 20. Qh5 f6
21. Rf5 Bd6+ 22. Be2 Rg1#
0-1

[Event "THE COMMONERS"]
[Site "SchemingMind.com"]
[Date "2006.12.14"]
[Round "-"]
[White "andy5698"]
[Black "jayfive"]
[Result "1-0"]
[WhiteCountry "ENG"]
[BlackCountry "GBR"]
[WhiteElo "1287"]
[WhiteRD "71"]
[BlackElo "1334"]
[BlackRD "77"]
[GameID "81766"]

1. e4 e5 2. Nf3 Nc6 3. d4 f5 4. exf5 Nf6 5. dxe5 Nxe5 6. Nxe5 Qe7 7. f4 d6 8. Nc3 dxe5 9. Qe2 Bxf5 10. Ne4 Qb4+
11. c3 Qxe4 12. Be3 O-O-O 13. Qf3 Qc2 14. Qe2 Qxe2+ 15. Bxe2 Nd5 16. Bxa7 Re8 17. Rd1 Nxf4 18. Bf1 b6 19. Bb5 Re7 20. O-O g6
21. Rd2 Bh6 22. Rfd1 Bg4 23. Re1 Rd8 24. Ba6#
1-0

[Event "THE COMMONERS"]
[Site "SchemingMind.com"]
[Date "2006.12.14"]
[Round "-"]
[White "russellhead"]
[Black "jayfive"]
[Result "1-0"]
[WhiteCountry "USA"]
[BlackCountry "GBR"]
[WhiteElo "1450"]
[WhiteRD "69"]
[BlackElo "1334"]
[BlackRD "77"]
[GameID "81767"]

1. d4 d5 2. Bf4 Nc6 3. e3 Nf6 4. Nf3 Bg4 5. h3 Bh5 6. Bd3 e6 7. c4 Ne4 8. Nc3 Bb4 9. O-O f6 10. a3 Bxc3
11. bxc3 Nxc3 12. Qc2 e5 13. Qxc3 exf4 14. exf4 O-O 15. Bc2 Qd6 16. Qd3 Bg6 17. f5 Bf7 18. Rae1 dxc4 19. Qe3 Rae8 20. Qc1 b6
21. Qd1 Qxa3 22. Ba4 Qd6 23. Re2 a6 24. Rfe1 b5 25. Bxb5 axb5 26. Qb1 b4 27. g4 Bd5 28. Rxe8 Bxf3 29. Rxf8+ Kxf8 30. Qa2 Nxd4
31. Qxc4 Bc6 32. Qa6 Nf3+ 33. Kf1 Nh2+ 34. Kg1 Nf3+ 35. Kf1 Nd2+ 36. Kg1 Bd5 37. Qc8+
1-0

[Event "THE COMMONERS"]
[Site "SchemingMind.com"]
[Date "2006.12.21"]
[Round "-"]
[White "fogwalker"]
[Black "green knight"]
[Result "0-1"]
[WhiteCountry "USA"]
[BlackCountry "INT"]
[WhiteElo "1055"]
[WhiteRD "121"]
[BlackElo "1796"]
[BlackRD "86"]
[GameID "83128"]

1. d4 Nf6 2. c4 d6 3. Nc3 g6 4. e4 Bg7 5. h3 O-O 6. Bd3 b6 7. Be3 c5 8. d5 e6 9. Nge2 e5 10. O-O Nh5
11. Nb5 a6 12. g4 Nf6 13. Nbc3 h5 14. Bg5 Qd7 15. f4 hxg4 16. hxg4 Nxg4 17. fxe5 Bxe5 18. Bf4 Bxf4 19. Rxf4 Kg7 20. Ng3 Nh6
21. e5 dxe5 22. Rf3 Ra7 23. Qe2 Re8
0-1

[Event "THE COMMONERS"]
[Site "SchemingMind.com"]
[Date "2006.12.22"]
[Round "-"]
[White "fogwalker"]
[Black "jayfive"]
[Result "0-1"]
[WhiteCountry "USA"]
[BlackCountry "GBR"]
[WhiteElo "1055"]
[WhiteRD "121"]
[BlackElo "1336"]
[BlackRD "79"]
[GameID "83129"]

1. d4 d5 2. Nc3 c5 3. e3 b6 4. Nf3 Bg4 5. h3 Bh5 6. Bd3 Nf6 7. e4 e6 8. Be3 Nc6 9. e5 cxd4 10. g4 Bg6
11. Bxd4 Nd7
0-1

[Event "THE COMMONERS"]
[Site "SchemingMind.com"]
[Date "2006.12.21"]
[Round "-"]
[White "fogwalker"]
[Black "ChessGuy"]
[Result "0-1"]
[WhiteCountry "USA"]
[BlackCountry "USA"]
[WhiteElo "1055"]
[WhiteRD "121"]
[BlackElo "1153"]
[BlackRD "65"]
[GameID "83130"]

1. d4 d5 2. Nc3 e6 3. Nf3 c6 4. e4 dxe4 5. Nxe4 Bb4+ 6. Bd2 Ba5 7. c3 Nd7 8. Nd6+ Ke7 9. Bf4 e5 10. dxe5 Nc5
11. b4 Bb6 12. Bc4 Na4 13. Bg5+ f6 14. Qxa4 fxg5 15. Rd1 Qf8 16. b5 cxb5 17. Qxb5 Bd7 18. Nf5+ Qxf5 19. Rxd7+ Qxd7 20. Qb4+ Kd8
21. O-O h5 22. Bb3 Qf5 23. Rd1+ Kc8 24. Ba4 Nh6 25. Qc4+ Kb8 26. h3 Nf7 27. Nd4 Qxe5
0-1

[Event "THE COMMONERS"]
[Site "SchemingMind.com"]
[Date "2006.12.21"]
[Round "-"]
[White "fogwalker"]
[Black "andy5698"]
[Result "1-0"]
[WhiteCountry "USA"]
[BlackCountry "ENG"]
[WhiteElo "1055"]
[WhiteRD "141"]
[BlackElo "1181"]
[BlackRD "96"]
[GameID "83131"]

1. Nc3 e5 2. e4 Bd6 3. d3 Nf6 4. Nf3 O-O 5. Bg5 Be7 6. d4 Nc6 7. dxe5 Ng4 8. Bc4 Ncxe5 9. h3 Nf6 10. Nxe5 Nh5
11. Qxh5 g6 12. Bxe7 Qxe7 13. Bxf7+ Rxf7 14. Nxg6 Qf6 15. f3 hxg6 16. Nd5 Qxb2 17. Qxg6+ Qg7 18. Qh5 d6 19. O-O Be6 20. Ne3
1-0

[Event "THE COMMONERS"]
[Site "SchemingMind.com"]
[Date "2006.12.21"]
[Round "-"]
[White "fogwalker"]
[Black "russellhead"]
[Result "0-1"]
[WhiteCountry "USA"]
[BlackCountry "USA"]
[WhiteElo "971"]
[WhiteRD "161"]
[BlackElo "1422"]
[BlackRD "99"]
[GameID "83132"]

1. Nf3 d5 2. d4 Nc6 3. h3 Bf5 4. Nc3 e6 5. e3 Nf6 6. Bd3 Ne4 7. O-O Bd6 8. g4 Bg6 9. Bxe4 dxe4 10. Nd2 f5
11. f3 Qh4 12. gxf5 Qg3+ 13. Kh1 Qh2#
0-1

[Event "THE COMMONERS"]
[Site "SchemingMind.com"]
[Date "2006.12.21"]
[Round "-"]
[White "green knight"]
[Black "fogwalker"]
[Result "1-0"]
[WhiteCountry "INT"]
[BlackCountry "USA"]
[WhiteElo "1796"]
[WhiteRD "86"]
[BlackElo "1055"]
[BlackRD "121"]
[GameID "83133"]

1. d4 d5 2. Nf3 Nc6 3. Bg5 h6 4. Bh4 g5 5. Bg3 Bg7 6. e3 e6 7. Bb5 a6 8. Ba4 Ne7 9. h4 Bf6 10. hxg5 Bxg5
11. Nxg5 f6 12. Qh5+ Kd7 13. Nf7 Qe8 14. Nxh8 Qxh8 15. Nc3 b5 16. Bb3 a5 17. a4 Qg8 18. Nxb5 Nb4 19. Nxc7 Ra7 20. Nb5 e5
21. Nxa7 Ba6 22. Nb5 exd4 23. Nxd4
1-0

[Event "THE COMMONERS"]
[Site "SchemingMind.com"]
[Date "2006.12.21"]
[Round "-"]
[White "jayfive"]
[Black "fogwalker"]
[Result "1-0"]
[WhiteCountry "GBR"]
[BlackCountry "USA"]
[WhiteElo "1336"]
[WhiteRD "79"]
[BlackElo "1055"]
[BlackRD "121"]
[GameID "83134"]

1. e4 e5 2. Nf3 Nf6 3. d4 Be7 4. Nxe5 d6 5. f4 dxe5 6. Qd3 exf4 7. Bxf4 Be6 8. h3 Nfd7 9. d5 Nc5 10. Qc4 Bd7
11. Nc3 c6 12. O-O-O
1-0

[Event "THE COMMONERS"]
[Site "SchemingMind.com"]
[Date "2006.12.21"]
[Round "-"]
[White "ChessGuy"]
[Black "fogwalker"]
[Result "0-1"]
[WhiteCountry "USA"]
[BlackCountry "USA"]
[WhiteElo "1149"]
[WhiteRD "66"]
[BlackElo "1150"]
[BlackRD "146"]
[GameID "83135"]

1. e4 e5 2. Qh5 Nc6 3. Bb5 a6 4. Bxc6 bxc6 5. Qxe5+ Be7 6. Na3 d6 7. Qa5 f5 8. exf5 Bxf5 9. c3 Nf6 10. Qxf5 g6
11. Qf3 Qd7 12. Ne2 O-O 13. g4 d5 14. g5 Ne4 15. Qg3 Nxg3 16. hxg3 Qf5 17. d4 Qxf2+ 18. Kd2 Bxg5+ 19. Kd3 Qf3+ 20. Kc2 Qxh1
21. c4 Qe4+ 22. Kd1 Rae8 23. Nc3 Qd3+ 24. Bd2 Rf1#
0-1

[Event "THE COMMONERS"]
[Site "SchemingMind.com"]
[Date "2006.12.21"]
[Round "-"]
[White "andy5698"]
[Black "fogwalker"]
[Result "0-1"]
[WhiteCountry "ENG"]
[BlackCountry "USA"]
[WhiteElo "1181"]
[WhiteRD "96"]
[BlackElo "1055"]
[BlackRD "141"]
[GameID "83136"]

1. e4 e5 2. Nf3 Nf6 3. c3 d6 4. Bc4 Bd7 5. Qb3 Qe7 6. Bxf7+ Qxf7 7. Qxf7+ Kxf7 8. O-O Bb5 9. Re1 Bc6 10. d3 d5
11. Nxe5+ Kg8 12. Nxc6 bxc6 13. c4 d4 14. e5 h5 15. exf6 Nd7 16. fxg7 Bxg7 17. Re7 Be5 18. Rxd7 Re8 19. f4 Bf6
0-1

[Event "THE COMMONERS"]
[Site "SchemingMind.com"]
[Date "2006.12.21"]
[Round "-"]
[White "russellhead"]
[Black "fogwalker"]
[Result "1-0"]
[WhiteCountry "USA"]
[BlackCountry "USA"]
[WhiteElo "1509"]
[WhiteRD "63"]
[BlackElo "1055"]
[BlackRD "121"]
[GameID "83137"]

1. d4 d5 2. Nf3 Nc6 3. Bf4 f5 4. e3 h6 5. Ne5 Be6 6. Qh5+ g6 7. Nxg6 Bf7 8. Qxf5 e6 9. Qh5 Nf6 10. Qh4 Bxg6
11. Bb5 Bd6 12. Nc3 Ne4 13. Qg4 h5 14. Qxg6+ Kd7 15. Bxd6 cxd6 16. Qf7+ Kc8 17. Qxe6+ Kb8 18. Nxd5 a6 19. Bxc6 bxc6 20. Qxe4 cxd5
21. Qxd5 Ra7 22. e4 Rf8 23. f3
1-0